Riconosci il Pokémon - Quiz n°171 - Statistics

Statistiche generali
  • Questo quiz è stato fatto 2 volte
  • Il punteggio medio è 9 su 10
Statistiche sulle risposte
Indizio Risposta % Corretto
Peso 120,0 kg
100%
Altezza 1,8 m
100%
Sesso 50% ♂, 50% ♀
100%
Tasso di cattura 75 (17.5%)
100%
Tipo Acciaio / Veleno
100%
Abilità Copricapo; Filtro
100%
Tasso di allevamento Medio-Veloce
100%
Generazione Nona
100%
Stadio evoluzione Prima evoluzione
100%
Pokémon Revavroom
0%
Nessun quiz corrispondente trovato
Distribuzione punteggi
Percentuale di utenti per punteggio
Percentile per numero di risposta
I tuoi punteggi nel tempo
Non hai fatto questo quiz